Logic Elimination Click Quiz - Islands - Statistics

General Stats
  • This quiz has been taken 310 times
  • The average score is 8 of 15
Answer Stats
Hint Answer % Correct
Has the largest area Greenland
84%
Is in the Mediterranean Sea Sicily
81%
Is in North America Cuba
74%
Has a country beginning with D on it Hispaniola
74%
Biggest city begins with T Taiwan
67%
Has exactly 6 letters Borneo
64%
Has a border Ireland
55%
Is an autonomous region within a country Curaçao
53%
Touches the South China Sea Luzon
44%
Has land South of the equator North Island
43%
Is a country's biggest island Great Britain
39%
Has a country with mainland land Fuerteventura
36%
Is in the Indian Ocean Madagascar
36%
Has the same name as a country Sri Lanka
28%
Is the remaining island Hokkaido
23%
No matching quizzes found
Score Distribution
Percent of People with Each Score
Percentile by Number Answered
Your Score History
You have not taken this quiz